• 首页
  • 本馆介绍
  • 公告通知
  • 最新文献
  • 馆藏检索
  • 电子资源
  • 读者导购
  • 参考咨询
  • 我的图书馆
  • 登录
  • 详细信息显示
  • 放入我的书架
  • 预约/预借图书
  • 作者相关作品
  • 分类相关作品
  • 丛书相关作品
  • 出版社相关作品

书目信息

  • 表格格式
  • 工作单格式
  • 卡片格式
题名:
光固化木器涂料与涂装工
    
 
作者: 周烨 , 张建新 主编
分册:  
出版信息: 北京   中国质检出版社  2017
页数: 161页
开本: 21cm
丛书名:
单 册:
中图分类: TQ637.83
科图分类:
主题词: 木制品--mu zhi pin--光固化涂料--涂装工艺--培训--教材
电子资源:
ISBN: 978-7-5026-4426-0
000 01247nam0 2200277 450
001 012001002339
005 20131110153157.0
010    @a978-7-5026-4426-0@dCNY26.00
099    @aCAL 012017159884
100    @a20171112d2017 em y0chiy50 ea
101 0  @achi
102    @aCN@b110000
105    @aa z 000yy
106    @ar
200 1  @a光固化木器涂料与涂装工@Aguang gu hua mu qi tu liao yu tu zhuang gong@f周烨主编
210    @a北京@c中国质检出版社@c中国标准出版社@d2017
215    @a161页@c图@d21cm
300    @a化学工业职业技能鉴定指导中心推荐教材 国家化工行业生产力促进中心涂装工职业技能实训基地培训指定教材
314    @a主编:周烨、张建新
330    @a本书以理论及实践技能培训为目的,详细介绍了光UV固化木器涂料的特征、UV光固化木器涂料的分类、结构及特点,UV光固化木器涂料的配方原理和生产工艺,UV光固化木器涂料的设备和施工工艺等。着重介绍光UV固化木器涂料涂装从底到面、从前到后,在整个涂装过程中涉及的各种问题,既包括了涂装过程中每个单元操作的技术要领,也涉及涂料制造中的相关理论知识。
606 0  @a木制品@Amu zhi pin@x光固化涂料@x涂装工艺@x培训@j教材
690    @aTQ637.83@v5
701  0 @a周烨@Azhou ye@4主编
701  0 @a张建新@Azhang jian xin@4主编
801  0 @aCN@b北京卓展@c20191020
905    @b1205326-9@dTQ637.83@e83@f4
    
    光固化木器涂料与涂装工/周烨主编.-北京:中国质检出版社:中国标准出版社,2017
    161页:图;21cm
    化学工业职业技能鉴定指导中心推荐教材 国家化工行业生产力促进中心涂装工职业技能实训基地培训指定教材
    
    ISBN 978-7-5026-4426-0:CNY26.00
    本书以理论及实践技能培训为目的,详细介绍了光UV固化木器涂料的特征、UV光固化木器涂料的分类、结构及特点,UV光固化木器涂料的配方原理和生产工艺,UV光固化木器涂料的设备和施工工艺等。着重介绍光UV固化木器涂料涂装从底到面、从前到后,在整个涂装过程中涉及的各种问题,既包括了涂装过程中每个单元操作的技术要领,也涉及涂料制造中的相关理论知识。
●
相关链接 在E读中查询图书 在五车中查询图书 在当当中查询图书 在豆瓣中查询图书


正题名:光固化木器涂料与涂装工     索取号:TQ637.83/83         预约/预借

序号 登录号 条形码 馆藏地/架位号 状态 备注
1 1205326   212053267   第二样本阅览室/ [索取号:TQ637.83/83] 在馆    
2 1205327   212053276   第三借阅区/ [索取号:TQ637.83/83] 在馆    
3 1205328   212053285   第三借阅区/ [索取号:TQ637.83/83] 在馆    
4 1205329   212053294   第三借阅区/ [索取号:TQ637.83/83] 在馆    
唐山师范学院图书馆 欢迎您!
大连网信软件有限公司© 版权所有